000 00290nam a22001097a 4500
082 _a574
_bSIE/B
100 _aGOVT. OF IIN INDIA
245 _aSIET KERALA SSLC EXAMINATION BASED SPECIAL PROGRAMMES
_bBIOLOGY
260 _aNEW DELHI
_bGOVT. OF INDIA
520 _aBIOLOGY REFERENCE
942 _cBK
999 _c7941
_d7941